Charles Young

Barrington A


Categories

Fine Arts - Music57001451462.1734
Literature - American63001202561.2223
Literature - British3500955778.7512
Fine Arts - Painting4300903865.7113
RMP - Philosophy3400854868.5711
Literature - European2500804566.0013
Literature - World and Miscellaneous4100702151.6003
History - European2200502961.2501
Science - Chemistry3000454351.6711
History - American1300453682.7511
History - World2100404151.6702
Fine Arts - Opera2100401049.0012
Fine Arts - Miscellaneous2100404890.6701
RMP - World Mythology030030103117.6700
History - Cross, Historiography, and Miscellaneous1100253579.0011
Other - Other Academic and General Knowledge1100254787.0001
Fine Arts - Photography1100255185.5001
Science - Physics020020104110.5000
Social Science - Economics02002092107.5000
Fine Arts - Architecture020020116121.0000
Social Science - Sociology1000156565.0000
Fine Arts - Film1000156565.0011
RMP - Hinduism1000154949.0000
Science - Math1000154343.0001
Current Events - World1000156363.0011
RMP - Christian Practice0100107474.0000
Fine Arts - Jazz0100109191.0000
Fine Arts - Sculpture0100108787.0000
RMP - Jewish Practice010010110110.0000
Science - Biology010010125125.0000
Science - Engineering and Miscellaneous000000.0000

Buzzes

Fine Arts - OperaFloria Tosca2010
Fine Arts - MusicUnited States of America2014
Literature - World and MiscellaneousNgũgĩ wa Thiong’o018
Literature - World and Miscellaneousbe2021
Fine Arts - MusicPeer Gynt Suite No. 1, Op. 462021
Literature - AmericanGeorge2025
Literature - World and MiscellaneousCry, the Beloved Country2029
History - EuropeanBattle of Salamis2029
History - Cross, Historiography, and MiscellaneousBasques2035
History - Americandrugs2036